Afrykańscy sportowcy - nagła śmierć - Statystyki

Ogólne statystyki
  • Ten quiz został rozwiązany 53 razy
  • Średni wynik to 12 z 18
Answers on the Grid
Answers color-coded by a green-red scale on the quiz's grid according to % correct below.
Yaya Touré
David Silva
Eliud Kipchoge
Usain Bolt
Karim Benzema
Didier Drogba
Ousmane Dembélé
Samuel Eto'o
Caster Semenya
Mohamed Salah
Charles Oliveira
Sadio Mané
Xherdan Shaqiri
Dricus du Plessis
Thomas Partey
LeBron James
Israel Adesanya
N'Golo Kanté
Bernardo Silva
Victor Osimhen
Milad Ebadipur
David Rudisha
Thibaut Courtois
Hakim Ziyech
Kamaru Usman
Gabriel Jesus
Hakan Çalhanoğlu
Alex Pereira
George Weah
Alexis Sánchez
Jay-Jay Okocha
Jon Jones
Mikaela Shiffrin
Kenenisa Bekele
Chris Froome
Victor Wanyama
 
Statystyki odpowiedzi
Odpowiedź % Poprawnych
Yaya Touré
87%
Didier Drogba
84%
Sadio Mané
81%
Samuel Eto'o
81%
Mohamed Salah
77%
Eliud Kipchoge
71%
Hakim Ziyech
71%
Victor Osimhen
71%
Caster Semenya
68%
Jay-Jay Okocha
65%
David Rudisha
61%
George Weah
61%
Israel Adesanya
61%
Thomas Partey
58%
Kenenisa Bekele
55%
Victor Wanyama
52%
Kamaru Usman
45%
Dricus du Plessis
39%
Nie znaleziono quizów pasujących do podanych kryteriów
Rozkład punktacji
Procent ludzi z każdym wynikiem
Percentyl według liczby udzielonych odpowiedzi
Twoja historia wyników
Nie rozwiązałeś tego quizu